Statistics for Mythical Creatures in Pop Culture

Click here to take the quiz!

General Stats

  • This quiz has been taken 302 times
    (263 since last reset)
  • The average score is 12 of 19

Answer Stats

Where they are fromHintAnswer% Correct
Harry PotterOrder of the _______Phoenix
95%
DisneyThe Little _______Mermaid
93%
The Walking DeadIf you get bitten by one of these, watch out!Zombie
92%
Hotel TransylvaniaVlad and Mavis are this type of beingVampire
90%
TV showsCasper the Friendly ____Ghost
88%
Spider ManNorman Osborn is the man behind the supervillain Green ______Goblin
83%
DisneyHercules noble steed is a _______Pegasus
77%
Holiday MovieWill Ferrell stars in ___, a movie about an orphaned human trying to reconnect with his family after being raised in the North PoleElf
76%
MCU- Captain America"Hail ____" says Red SkullHydra
76%
DisneyHercules trainer Philoctetes has goat legs a a human head, making him aSatyr
68%
MinecraftWatch out if it throws a potion at youWitch
63%
My Little PonyPrincess Celestia leads this groupUnicorn
56%
Lord of the RingsGimli represents the race of ______ in the fellowshipDwarves
52%
DisneyQuasimodo's best friends are a trio of _________Gargoyles
48%
NFLNew York's ______ have won 4 Super Bowl ChampionshipsGiants
41%
The Hobbit"It does not do to leave a live ______ out of your calculations, if you live near him"Dragon
39%
NHLSeattle's ______ are the leagues 32nd and newest teamKraken
17%
Scooby DooScooby Doo: Where's my _____Mummy
17%
Classical WritingsWritten by Thomas Hobbes, The _________ details the need for strong governanceLeviathan
10%

Score Distribution

Percentile by Number Answered

Percent of People with Each Score

Your Score History

You have not taken this quiz since the last reset